Statistics for U.S. State and Territories Capitals Quiz

Click here to take the quiz!

General Stats

  • This quiz has been taken 53 times
  • The average score is 46 of 55

Answer Stats

StateCapital% Correct
TexasAustin
94%
IndianaIndianapolis
94%
MississippiJackson
94%
IllinoisSpringfield
94%
New YorkAlbany
91%
GeorgiaAtlanta
91%
OhioColumbus
91%
IowaDes Moines
91%
DelewareDover
91%
PennsylvaniaHarrisburg
91%
ArkansasLittle Rock
91%
WisconsinMadison
91%
TennesseeNashville
91%
OklahomaOklahoma City
91%
MinnesotaSaint Paul
91%
FloridaTallahassee
91%
MarylandAnnapolis
88%
LouisianaBaton Rouge
88%
North DakotaBismarck
88%
West VirginiaCharleston
88%
ConnecticutHartford
88%
MissouriJefferson City
88%
Rhode IslandProvidence
88%
MaineAugusta
85%
South CarolinaColumbia
85%
New HampshireConcord
85%
KentuckyFrankfurt
85%
MontanaHelena
85%
AlabamaMontgomery
85%
VermontMontpelier
85%
North CarolinaRaleigh
85%
New JerseyTrenton
85%
IdahoBoise
82%
MassachusettsBoston
82%
ColoradoDenver
82%
HawaiiHonolulu
82%
AlaskaJuneau
82%
MichiganLansing
82%
NebraskaLincoln
82%
WashingtonOlympia
82%
ArizonaPhoenix
82%
VirginiaRichmond
82%
UtahSalt Lake City
82%
KansasTopeka
82%
NevadaCarson City
79%
South DakotaPierre
79%
CaliforniaSacramento
79%
OregonSalem
79%
New MexicoSanta Fe
79%
WyomingCheyenne
76%
Puerto RicoSan Juan
76%
American SamoaPago Pago
59%
U.S. Virgin IslandsCharlotte Amalie
47%
GuamHagåtña
47%
Northern Mariana IslandsSaipan
44%

Score Distribution

Percentile by Number Answered

Percent of People with Each Score

Your Score History

You have not taken this quiz